Systems analysis and design / (Record no. 4280)
[ view plain ]
| 000 -LEADER | |
|---|---|
| fixed length control field | 00756cam a22002412 4500 |
| 001 - CONTROL NUMBER | |
| control field | 0000021313 |
| 005 - DATE AND TIME OF LATEST TRANSACTION | |
| control field | 20151217145933.0 |
| 008 - FIXED-LENGTH DATA ELEMENTS--GENERAL INFORMATION | |
| fixed length control field | 120313s xx 000 0 eng d |
| 020 ## - INTERNATIONAL STANDARD BOOK NUMBER | |
| International Standard Book Number | 0877096325 : |
| 040 ## - CATALOGING SOURCE | |
| Original cataloging agency | KABU |
| Transcribing agency | KABU |
| 100 1# - MAIN ENTRY--PERSONAL NAME | |
| Personal name | Shelly, Gary B. |
| -- | 0000154276 |
| 245 10 - TITLE STATEMENT | |
| Title | Systems analysis and design / |
| Statement of responsibility, etc. | Gary B. Shelly ... [et al.]. |
| 250 ## - EDITION STATEMENT | |
| Edition statement | 2nd ed. |
| 260 ## - PUBLICATION, DISTRIBUTION, ETC. (IMPRINT) | |
| Place of publication, distribution, etc. | Boston : |
| Name of publisher, distributor, etc. | Boyd & Fraser, |
| Date of publication, distribution, etc. | 1995. |
| 300 ## - PHYSICAL DESCRIPTION | |
| Extent | 410. |
| 500 ## - GENERAL NOTE | |
| General note | Instructor's manual. |
| 650 #0 - SUBJECT ADDED ENTRY--TOPICAL TERM | |
| Topical term or geographic name as entry element | System analysis. |
| -- | 0000148439 |
| 650 #0 - SUBJECT ADDED ENTRY--TOPICAL TERM | |
| Topical term or geographic name as entry element | System design. |
| -- | 0000148438 |
| 852 1# - LOCATION | |
| -- | p1290 KES |
| 852 1# - LOCATION | |
| -- | p1290 KES |
| 908 ## - PUT COMMAND PARAMETER (RLIN) | |
| Put command parameter | 120313 |
| 950 ## - LOCAL HOLDINGS (RLIN) | |
| -- | 1 |
| Withdrawn status | Lost status | Source of classification or shelving scheme | Not for loan | Home library | Current library | Date acquired | Total Checkouts | Full call number | Barcode | Date last seen | Price effective from | Koha item type | Date last checked out |
|---|---|---|---|---|---|---|---|---|---|---|---|---|---|
| Library of Congress Classification | Kabarak, Main Campus | Kabarak, Main Campus | 17/12/2015 | QA76.9 .S88S54 1995 Suppl. c. 1 | 20711 | 17/12/2015 | 17/12/2015 | General Collection | |||||
| Library of Congress Classification | Kabarak, Main Campus | Kabarak, Main Campus | 17/12/2015 | 1 | QA76.9 .S88S54 1995 Suppl. c. 2 | 20709 | 29/04/2021 | 17/12/2015 | General Collection | 21/04/2021 |